L'expérience / (Record no. 22951)

MARC details
000 -LEADER
campo de control de longitud fija 00599nam a2200205 i 4500
001 - NÚMERO DE CONTROL
campo de control 22951
003 - IDENTIFICADOR DE NÚMERO DE CONTROL
campo de control ES-MaACL
005 - FECHA Y HORA DE LA ÚLTIMA TRANSACCIÓN
campo de control 20230906152802.0
007 - CAMPO FIJO DE DESCRIPCIÓN FÍSICA--INFORMACIÓN GENERAL
campo de control de longitud fija t|
008 - DATOS DE LONGITUD FIJA--INFORMACIÓN GENERAL
campo de control de longitud fija 021205s1970 fr ||||1| fre d
100 1# - ENTRADA PRINCIPAL--NOMBRE DE PERSONA
Nombre de persona Alquie, Ferdinand.
9 (RLIN) 20470
245 13 - MENCIÓN DEL TÍTULO
Título L'expérience /
Mención de responsabilidad, etc. par Ferdinand Alquié.
250 ## - MENCION DE EDICION
Mención de edición [4e ed.].
260 ## - PUBLICACIÓN, DISTRIBUCIÓN, ETC.
Lugar de publicación, distribución, etc. París :
Nombre del editor, distribuidor, etc. Presses Universitaires de France,
Fecha de publicación, distribución, etc. 1970.
300 ## - DESCRIPCIÓN FÍSICA
Extensión 110 p. ;
Dimensiones 18 cm.
490 1# - MENCIÓN DE SERIE
Mención de serie Initiation Philosophique ;
Designación de volumen o secuencia 30
830 0# - PUNTO DE ACCESO ADICIONAL DE SERIE-TÍTULO UNIFORME
Título uniforme Initiation Philosophique ;
Designación de volumen o secuencia 30
9 (RLIN) 229015
852 ## - LOCALIZACIÓN
Ubicación ES-MaACL
Número de control de estantería L-11727
Sublocalización o colección R.113249
Holdings
Estatus retirado Estado de pérdida Estado de daño No para préstamo Biblioteca de origen Biblioteca actual Ubicación en estantería Fecha de adquisición Fuente de adquisición Total de préstamos Signatura topográfica completa Código de barras Visto por última vez Precio de reemplazo Tipo de ítem Koha
        Biblioteca del Ateneo de Madrid Biblioteca del Ateneo de Madrid Depósito 2 17/01/2008     L-11727 1023641 23/02/2023 23/02/2023 Libro impreso